Detalles MARC
| 000 -LEADER |
| fixed length control field |
01012nam a2200301 a 4500 |
| 001 - CONTROL NUMBER |
| control field |
000026247 |
| 003 - CONTROL NUMBER IDENTIFIER |
| control field |
DO-SdBNP |
| 005 - DATE AND TIME OF LATEST TRANSACTION |
| control field |
20150716112430.0 |
| 007 - PHYSICAL DESCRIPTION FIXED FIELD--GENERAL INFORMATION |
| fixed length control field |
000026247 |
| 008 - FIXED-LENGTH DATA ELEMENTS--GENERAL INFORMATION |
| fixed length control field |
110307s2007 dr a 000 0 spa d |
| 020 ## - INTERNATIONAL STANDARD BOOK NUMBER |
| International Standard Book Number |
9789945443127 |
| 040 ## - CATALOGING SOURCE |
| Original cataloging agency |
BPMET |
| Language of cataloging |
spa |
| Transcribing agency |
BPMET |
| 092 ## - LOCALLY ASSIGNED DEWEY CALL NUMBER (OCLC) |
| Classification number |
332.4 |
| Item number |
Q452h |
| 100 1# - MAIN ENTRY--PERSONAL NAME |
| Personal name |
Almonte Diloné, Henry, |
| 245 10 - TITLE STATEMENT |
| Title |
¿Qué es el dinero? / |
| Statement of responsibility, etc. |
Henry Almonte Diloné. |
| 260 ## - PUBLICATION, DISTRIBUTION, ETC. (IMPRINT) |
| Place of publication, distribution, etc. |
Santo Domingo : |
| Name of publisher, distributor, etc. |
Banco Central de la República Dominicana;, |
| Date of publication, distribution, etc. |
2007. |
| 300 ## - PHYSICAL DESCRIPTION |
| Extent |
63 p. : |
| Other physical details |
il. ; |
| Dimensions |
22 cm. |
| 490 1# - SERIES STATEMENT |
| Series statement |
Banco Central de la República Dominicana, educativa, no.2 |
| Volume/sequential designation |
94 |
| 650 #4 - SUBJECT ADDED ENTRY--TOPICAL TERM |
| Topical term or geographic name as entry element |
MONEDA |
| 650 #4 - SUBJECT ADDED ENTRY--TOPICAL TERM |
| Topical term or geographic name as entry element |
PODER DE COMPRA |
| 830 #0 - SERIES ADDED ENTRY--UNIFORM TITLE |
| Uniform title |
Banco Central de la República Dominicana, educativa,no. 2 |
| Volume number/sequential designation |
94 |
| 930 #1 - EQUIVALENCE OR CROSS-REFERENCE-UNIFORM TITLE HEADING [LOCAL, CANADA] |
| Language of a work |
BND01 |
| Medium of performance for music |
LF1 |
| Field link and sequence number |
20110307 |
| Date of a work |
01 |
| Name of part/section of a work |
OI |
| Miscellaneous information |
17327 |
| 942 ## - ADDED ENTRY ELEMENTS (KOHA) |
| Source of classification or shelving scheme |
Dewey Decimal Classification |
| Koha item type |
Libros |
| 956 ## - LOCAL ELECTRONIC LOCATION AND ACCESS (OCLC) |
| Host name |
YPOLANCO |
| Access number |
10 |
| Compression information |
20110307 |
| Logon |
BND01 |
| Processor of request |
1454 |
| 956 ## - LOCAL ELECTRONIC LOCATION AND ACCESS (OCLC) |
| Host name |
RABREU |
| Access number |
10 |
| Compression information |
20110309 |
| Logon |
BND01 |
| Processor of request |
1000 |
| 956 ## - LOCAL ELECTRONIC LOCATION AND ACCESS (OCLC) |
| Host name |
VMATEO |
| Access number |
10 |
| Compression information |
20150424 |
| Logon |
BND01 |
| Processor of request |
00151 |
| 956 ## - LOCAL ELECTRONIC LOCATION AND ACCESS (OCLC) |
| Host name |
VMATEO |
| Access number |
10 |
| Compression information |
20150716 |
| Logon |
BPMSU |
| Processor of request |
00151 |